| 000 | nam a22 a 4500 | ||
|---|---|---|---|
| 999 |
_c159148 _d159148 |
||
| 003 | BLK | ||
| 005 | 20230329155203.0 | ||
| 008 | 180410b bul|||||r ||||||| ||bul|| | ||
| 010 | _aKNG00166213000 | ||
| 040 | _aBLK | ||
| 041 |
_aBUL _cBUL |
||
| 080 |
_aТехника на търговията (икон. аспекти). Условия на сделките. Форми на стокообмен и разпределение на стоките. Условия на доставките, на плащане. Размяна. Бартерни сделки. Покупка. Продажба. Фр _b339.18 _z339.18 |
||
| 080 |
_aМетоди на управление. Мениджмънт. Анализи, планиране, ръководство, сътрудничество, контрол, коопериране и др. _b005.5 _z005.5 |
||
| 100 | 1 |
_aКирова, Надежда _eпърви автор _9372327 |
|
| 139 |
_aКирова, Надежда _bК 59 |
||
| 245 | 1 | 0 |
_aФинансов мениджмънт на търговското дружество _bКратък систематизиран курс _cНадежда Кирова. |
| 257 | _aBGR | ||
| 260 |
_aВарна _bАмиско _c1992 |
||
| 300 |
_a112 с. _bс табл. , диагр. _c24 см |
||
| 380 | _a3 | ||
| 500 | _aОфс. изд. - 5030 тир. | ||
| 653 | _aтърговски дружества | ||
| 653 | _aфинанси | ||
| 852 |
_aЦб 171680 _bЦб |
||
| 856 | 4 |
_qpdf _i0.00 _ldisable |
|
| 856 | 4 |
_qpdf _i0.00 _ldisable |
|
| 942 |
_cKNG _n0 _s1 |
||
| 944 |
_aCR _c17.10.2014 _l17.10.2014 - от С1,Р / 17.10.2014 _kРадостина_Карадакова |
||
| 944 |
_aED _c17.10.2014 _l17.10.2014 - от С1,Р / 17.10.2014 |
||
| 999 | _d159148 | ||